00411nam a2200145Ia 4500008004100000020001500041041001200056082001600068100001600084245007600100260004900176300000800225650001600233700001600249221030s9999 xx 000 0 und d a8122418112 aEnglish a105.23bYad aD. S. Yadav 0aMicrocontrollers : Features & Applicationscby D. S. Yadav, A. K. Singh bNew Age International Pub.aNew Delhic2005 a267 aBE Computer aA. K. Singh